000 00979nam a2200253 a 4500
001 60949
003 BD-RjUL
005 20211209080913.0
008 170104s1998 ii a|||| |||| 00| 0 eng d
020 _a8174888780
035 _a(BD-RjUL)61073
040 _aBD-RjUL
_beng
_cBD-RjUL
041 _aeng
082 _223
_a658.4012
_bREA 1998
245 1 0 _aReadings in business policy and planning /
_cEdited by Krishna Rungachary and C P Chari
260 _aNew Delhi :
_bAnmol Publications,
_c1998.
300 _aV :
_bill. ;
_c22 cm.
505 _aVol. 1. Business policy : principles and practices -- Vol. 2. Management planning and business development -- Vol. 3. Management planning in open market condition -- Vol. 4. Technology management and business development.
650 _aBusiness planning.
_9175243
650 _aIndustrial management
_9171014
700 _aRungachary, Krishna, editor
_9181753
700 _aChari, C. P., editor
_9181754
942 _2ddc
_cBK
999 _c60949
_d60949